000 00377nam a22001337a 4500
082 _a624.151
_bLOD
_cL-37, P-130
100 _aBurt look
_942864
245 _aSpreadsheet geomechanics an introduction
260 _aNetherlands
_bA.A. Balkema
_cc1994.
300 _ax,268p.:
_bill.;
_c24 cm.
526 _a0
_b0
_c0
_d624_151000000000000_LOD
650 _aMCE
_9379
942 _2ddc
_cBK
999 _c546680
_d546680